[Event "11. Europa ch 2011 veteranos"]
[Site "Courmayeur ITA"]
[Date "2011.04.06"]
[Round "1.27"]
[White "Ossipov, Viktor"]
[Black "Diaz Begonte, Manuel"]
[Result "1-0"]
[WhiteElo "2179"]
[BlackElo "1778"]
[PlyCount "47"]
[EventDate "2011.04.06"]
[EventType "swiss"]
[EventRounds "9"]
[EventCountry "ITA"]
[Source "lmi"]
[SourceDate "2011.05.06"]

1. d4 d6 2. Nf3 g6 3. Bf4 Bg7 4. h3 e6 5. e3 Ne7 6. Be2 Nd7 7. c3 O-O 8. O-O e5
9. Bh2 e4 10. Nfd2 d5 11. Qb3 Nf6 12. c4 c6 13. Nc3 Qb6 14. c5 Qxb3 15. axb3
Re8 16. b4 Bd7 17. b5 Nf5 18. b4 h5 19. bxc6 bxc6 20. Ra3 Bh6 21. Nb3 Bc8 22.
b5 Bb7 23. Na5 Bc8 24. Nxc6 1-0

[Event "11. Europa ch 2011 veteranos"]
[Site "Courmayeur ITA"]
[Date "2011.04.07"]
[Round "2.1"]
[White "Ossipov, Viktor"]
[Black "Timoscenko, Gennadij"]
[Result "0-1"]
[WhiteElo "2179"]
[BlackElo "2502"]
[PlyCount "86"]
[EventDate "2011.04.06"]
[EventType "swiss"]
[EventRounds "9"]
[EventCountry "ITA"]
[Source "lmi"]
[SourceDate "2011.05.06"]

1. d4 Nf6 2. Nf3 g6 3. Bf4 Bg7 4. e3 d6 5. h3 O-O 6. Be2 c5 7. c3 cxd4 8. exd4
Be6 9. Qc2 Nc6 10. Nbd2 Rc8 11. Qa4 Bd7 12. Qd1 e5 13. dxe5 dxe5 14. Be3 e4 15.
Nd4 Nd5 16. Nxc6 Bxc6 17. Bc5 e3 18. Nf3 Nxc3 19. bxc3 Bxc3+ 20. Kf1 Bxa1 21.
Bxf8 Qxd1+ 22. Bxd1 Bb5+ 23. Kg1 exf2+ 24. Kxf2 Kxf8 25. Bb3 Bf6 26. Rd1 Rc3
27. Nd4 Be8 28. Ne2 Rc5 29. g4 h5 30. Nf4 hxg4 31. hxg4 b5 32. Nd5 Be5 33. Ke3
a5 34. Ke4 Bg7 35. a4 bxa4 36. Ba2 Rc2 37. Bb1 Re2+ 38. Kf3 Rb2 39. g5 a3 40.
Nf6 Bxf6 41. gxf6 Rb6 42. Ba2 Rxf6+ 43. Ke3 Bc6 0-1

[Event "11. Europa ch 2011 veteranos"]
[Site "Courmayeur ITA"]
[Date "2011.04.07"]
[Round "2.31"]
[White "Schwertel, Johann"]
[Black "Diaz Begonte, Manuel"]
[Result "1-0"]
[WhiteElo "2026"]
[BlackElo "1778"]
[PlyCount "103"]
[EventDate "2011.04.06"]
[EventType "swiss"]
[EventRounds "9"]
[EventCountry "ITA"]
[Source "lmi"]
[SourceDate "2011.05.06"]

1. d4 d6 2. Nf3 g6 3. Bf4 Bg7 4. e3 Nf6 5. Bc4 c6 6. O-O O-O 7. h3 b5 8. Bb3 a5
9. a4 b4 10. Bc4 Ba6 11. Qe2 Nd5 12. Bg3 Nb6 13. Bxa6 Nxa6 14. Nbd2 Nc7 15. Nc4
Nxc4 16. Qxc4 Qd7 17. c3 Rfb8 18. Rfb1 Rb6 19. Qd3 Rab8 20. c4 Ne6 21. b3 Rf8
22. Ra2 f5 23. Re2 c5 24. Rd1 f4 25. Bh2 fxe3 26. fxe3 Rbb8 27. dxc5 Nxc5 28.
Qd5+ Qe6 29. e4 Qxd5 30. exd5 Bf6 31. Rb1 Kf7 32. Bg3 h6 33. Bf2 Nd3 34. -- h5
35. Nd4 Ne5 36. Ne6 Rfc8 37. Rc2 Nd7 38. Rf1 Nb6 39. Bxb6 Rxb6 40. g3 g5 41.
Nxg5+ Kg6 42. Ne6 Rg8 43. Kg2 Rb7 44. Nf4+ Kh7 45. Ne6 Kg6 46. Rf3 Bc3 47. Rf4
Be5 48. Re4 Bf6 49. Rf2 Ra7 50. g4 hxg4 51. Rxg4+ Kh6 52. Rf5 1-0

[Event "11. Europa ch 2011 veteranos"]
[Site "Courmayeur ITA"]
[Date "2011.04.08"]
[Round "3.20"]
[White "Kayaman, Metin"]
[Black "Ossipov, Viktor"]
[Result "0-1"]
[WhiteElo "1973"]
[BlackElo "2179"]
[PlyCount "150"]
[EventDate "2011.04.06"]
[EventType "swiss"]
[EventRounds "9"]
[EventCountry "ITA"]
[Source "lmi"]
[SourceDate "2011.05.06"]

1. d4 d5 2. c4 c6 3. Nf3 Nf6 4. Nc3 e6 5. e3 Nbd7 6. Bd3 dxc4 7. Bxc4 b5 8. Bd3
a6 9. O-O c5 10. Re1 Bb7 11. a4 b4 12. Ne2 Be7 13. b3 cxd4 14. exd4 O-O 15. Ng3
Nb6 16. Bb2 Nfd5 17. Bf1 Rc8 18. Rc1 Qd6 19. Qd2 Qf4 20. Qxf4 Nxf4 21. Ne5 Nbd5
22. Nd7 Rfd8 23. Nc5 Bxc5 24. dxc5 Rc6 25. Ne4 Rdc8 26. g3 Ng6 27. Nd6 R8c7 28.
Bg2 Nge7 29. Bd4 Rd7 30. Nc4 Rcc7 31. Ne5 Rd8 32. Red1 Rdc8 33. Nd3 f6 34. Bh3
Nf5 35. Bxf5 exf5 36. Re1 Kf7 37. Rc2 a5 38. Nb2 Ba6 39. Nc4 Bxc4 40. Rxc4 Ne7
41. Be3 Nd5 42. Bd4 Rc6 43. f3 Rd8 44. Bf2 Nc7 45. Rd4 Rxd4 46. Bxd4 Ne6 47.
Bf2 Ke7 48. Kf1 Kd7 49. Rc1 Rc8 50. Rd1+ Ke7 51. Rd5 g6 52. Ke2 Rd8 53. Rxd8
Kxd8 54. Kd3 Kc7 55. Kc4 Kc6 56. Bd4 Ng5 57. f4 Ne4 58. Be3 h6 59. Bc1 Nxc5 60.
Bd2 Ne4 61. Be3 h5 62. Kd4 Nc5 63. Kc4 Ne6 64. Bd4 g5 65. Be3 gxf4 66. gxf4 Nc7
67. Bd4 Nd5 68. Bb2 Nxf4 69. Bxf6 Ne6 70. Bh4 f4 71. Bf2 f3 72. Kd3 Nc5+ 73.
Ke3 Nxb3 74. Kxf3 Nc5 75. Kg3 Ne4+ 0-1

[Event "11. Europa ch 2011 veteranos"]
[Site "Courmayeur ITA"]
[Date "2011.04.08"]
[Round "3.34"]
[White "Maspero, Alfio"]
[Black "Schwertel, Johann"]
[Result "0-1"]
[WhiteElo "1417"]
[BlackElo "2026"]
[PlyCount "57"]
[EventDate "2011.04.06"]
[EventType "swiss"]
[EventRounds "9"]
[EventCountry "ITA"]
[Source "lmi"]
[SourceDate "2011.05.06"]

1. d4 d5 2. c4 c6 3. e3 Nf6 4. c5 Nbd7 5. Bd3 e5 6. dxe5 Nxe5 7. Be2 Bxc5 8.
Nf3 Nxf3+ 9. Bxf3 O-O 10. O-O Bf5 11. Nd2 Bd6 12. h3 Rc8 13. Nb3 Bb8 14. Nd4
Qd6 15. g3 Bxh3 16. Re1 Rfe8 17. Kh2 Bd7 18. a3 Ne4 19. -- Qg6 20. Qe2 Qh6+ 21.
Bh5 g6 22. Kg2 gxh5 23. Rh1 Nf6 24. f3 Qg6 25. f4 Bg4 26. Nf3 Qe4 27. Kf2 d4
28. Re1 dxe3+ 29. Bxe3 0-1

[Event "11. Europa ch 2011 veteranos"]
[Site "Courmayeur ITA"]
[Date "2011.04.09"]
[Round "4.19"]
[White "Gardi, Giuseppe"]
[Black "Ossipov, Viktor"]
[Result "1-0"]
[WhiteElo "2061"]
[BlackElo "2179"]
[PlyCount "83"]
[EventDate "2011.04.06"]
[EventType "swiss"]
[EventRounds "9"]
[EventCountry "ITA"]
[Source "lmi"]
[SourceDate "2011.05.06"]

1. d4 d5 2. Nf3 c6 3. e3 Bf5 4. c4 e6 5. Qb3 Qb6 6. cxd5 Qxb3 7. axb3 exd5 8.
Nh4 Bc2 9. Nd2 Bb4 10. Be2 Bxb3 11. O-O Bc2 12. Nhf3 Nd7 13. Ne1 Bg6 14. Nd3
Bd6 15. f4 Bxd3 16. Bxd3 Ngf6 17. Nf3 O-O 18. Bd2 c5 19. Ne5 Nb6 20. Rfc1 c4
21. Bf5 g6 22. Bb1 Nfd7 23. e4 Nf6 24. exd5 Bxe5 25. fxe5 Nfxd5 26. Be4 Rfd8
27. Ba5 Rac8 28. Bd2 a6 29. Ba5 Rd7 30. Bf3 Re7 31. Re1 Rce8 32. Rac1 f6 33.
Rxc4 fxe5 34. dxe5 Rxe5 35. Rxe5 Rxe5 36. Rc5 Rf5 37. Be4 Re5 38. Bxd5+ Rxd5
39. Bxb6 Rd7 40. Rc7 Rd1+ 41. Kf2 Ra1 42. Rxb7 1-0

[Event "11. Europa ch 2011 veteranos"]
[Site "Courmayeur ITA"]
[Date "2011.04.10"]
[Round "5.21"]
[White "Ossipov, Viktor"]
[Black "Bisignano, Giuseppe"]
[Result "1/2-1/2"]
[WhiteElo "2179"]
[BlackElo "1938"]
[PlyCount "119"]
[EventDate "2011.04.06"]
[EventType "swiss"]
[EventRounds "9"]
[EventCountry "ITA"]
[Source "lmi"]
[SourceDate "2011.05.06"]

1. d4 Nf6 2. Nf3 g6 3. Bf4 d6 4. h3 Bg7 5. e3 O-O 6. Be2 Nbd7 7. O-O Re8 8. c3
e5 9. dxe5 dxe5 10. Nxe5 Qe7 11. Nxd7 Bxd7 12. Bxc7 Bxh3 13. Bd6 Qe6 14. Bg3
Bf5 15. Qb3 Ne4 16. Qxe6 Rxe6 17. Bh2 Rb6 18. f3 Nd2 19. Nxd2 Rxb2 20. Rad1
Bxc3 21. e4 Bxd2 22. Bc4 Be3+ 23. Kh1 Be6 24. Bxe6 fxe6 25. Be5 Rc2 26. Rd7
Rxa2 27. f4 Rc8 28. Rxb7 Ra4 29. Rg7+ Kf8 30. Rxh7 Rc1 31. Rxc1 Bxc1 32. g3 Be3
33. Kg2 Rc4 34. Kf3 Bb6 35. Bd6+ Ke8 36. Re7+ Kd8 37. Rxe6 Rc3+ 38. Kg2 a5 39.
Rxg6 Bd4 40. e5 Kd7 41. Rg8 Re3 42. Ra8 Bc3 43. Bc5 Rd3 44. Bb6 Rd2+ 45. Kh3
Ra2 46. Bc5 Ke6 47. Rd8 Kf5 48. Rd3 Rc2 49. Re3 Bd2 50. Re2 Rxc5 51. Rxd2 a4
52. Rd4 Ra5 53. g4+ Ke6 54. Rd6+ Ke7 55. Rd2 a3 56. Ra2 Ke6 57. Kh4 Ra4 58. Kg3
Ra5 59. Kh4 Ra8 60. Kg3 1/2-1/2

[Event "11. Europa ch 2011 veteranos"]
[Site "Courmayeur ITA"]
[Date "2011.04.10"]
[Round "5.40"]
[White "De Polzer, Manfredi"]
[Black "Ivanov, Michail"]
[Result "1-0"]
[WhiteElo "1697"]
[BlackElo "1935"]
[PlyCount "99"]
[EventDate "2011.04.06"]
[EventType "swiss"]
[EventRounds "9"]
[EventCountry "ITA"]
[Source "lmi"]
[SourceDate "2011.05.06"]

1. d4 e6 2. c4 b6 3. e4 Bb7 4. Nc3 Bb4 5. Bd3 Ne7 6. Nge2 O-O 7. O-O Bxc3 8.
Nxc3 d6 9. b3 Nd7 10. f4 f5 11. d5 exd5 12. exd5 a6 13. Bb2 Nf6 14. Qe2 Qd7 15.
Rae1 Rae8 16. Qf2 Bc8 17. Re2 Ng6 18. Rfe1 Rxe2 19. Rxe2 Re8 20. g3 Rxe2 21.
Nxe2 Ng4 22. Qf3 Qe7 23. Bc1 Qf6 24. h3 Nh6 25. Qe3 Qe7 26. Nd4 Qxe3+ 27. Bxe3
Ne7 28. Kf2 Kf7 29. Nf3 g6 30. Ng5+ Kg8 31. Be2 Nf7 32. Nf3 Bd7 33. Nh2 h5 34.
Bd4 Kh7 35. g4 hxg4 36. hxg4 Ng8 37. g5 Ne7 38. Nf3 Nd8 39. Bf6 b5 40. Nd4 Nb7
41. Ne6 bxc4 42. bxc4 c5 43. Nf8+ Kg8 44. Nxg6 Nc8 45. Kg3 a5 46. a3 Ba4 47.
Bd3 Nb6 48. Ne7+ Kf8 49. Nxf5 Bb3 50. g6 1-0

[Event "11. Europa ch 2011 veteranos"]
[Site "Courmayeur ITA"]
[Date "2011.04.10"]
[Round "5.42"]
[White "Deiana, Giacomo"]
[Black "Diaz Begonte, Manuel"]
[Result "0-1"]
[WhiteElo "1689"]
[BlackElo "1778"]
[PlyCount "58"]
[EventDate "2011.04.06"]
[EventType "swiss"]
[EventRounds "9"]
[EventCountry "ITA"]
[Source "lmi"]
[SourceDate "2011.05.06"]

1. Nf3 g6 2. c4 c5 3. g3 Nc6 4. Bg2 Bg7 5. O-O d6 6. Nc3 Nf6 7. d4 cxd4 8. Nxd4
Nxd4 9. Qxd4 O-O 10. Qh4 Qb6 11. Rb1 Ng4 12. Nd5 Qd8 13. Qxe7 Rb8 14. Qxd8 Rxd8
15. Ne7+ Kf8 16. Nxc8 Rdxc8 17. Bh3 Rxc4 18. Bf4 Ne5 19. b3 Rc2 20. Rbc1 Rxe2
21. Rfd1 Rd8 22. Rc7 Rxa2 23. Rxb7 g5 24. Be3 g4 25. Bf1 a5 26. Kg2 a4 27. bxa4
Rxa4 28. Rxd6 Rxd6 29. Bc5 Rad4 0-1

[Event "11. Europa ch 2011 veteranos"]
[Site "Courmayeur ITA"]
[Date "2011.04.11"]
[Round "6.24"]
[White "Schwertel, Johann"]
[Black "Ossipov, Viktor"]
[Result "0-1"]
[WhiteElo "2026"]
[BlackElo "2179"]
[PlyCount "45"]
[EventDate "2011.04.06"]
[EventType "swiss"]
[EventRounds "9"]
[EventCountry "ITA"]
[Source "lmi"]
[SourceDate "2011.05.06"]

1. d4 d5 2. Nf3 c6 3. c3 Nf6 4. Bf4 Bf5 5. e3 Qb6 6. Qb3 Nbd7 7. Nbd2 h6 8. Ne5
e6 9. Be2 a5 10. O-O a4 11. Qxb6 Nxb6 12. a3 Be7 13. c4 dxc4 14. Nexc4 Nc8 15.
Rfc1 O-O 16. Ne5 Rd8 17. Bf3 Nd6 18. Ndc4 Nde4 19. Rd1 Nd5 20. Bg3 Nxg3 21.
hxg3 Bc2 22. Rdc1 Bh7 23. Bh5 0-1

[Event "11. Europa ch 2011 veteranos"]
[Site "Courmayeur ITA"]
[Date "2011.04.11"]
[Round "6.25"]
[White "Miednikova, Swietlana"]
[Black "Levinsky, Gregory"]
[Result "1-0"]
[WhiteElo "2169"]
[BlackElo "2026"]
[PlyCount "77"]
[EventDate "2011.04.06"]
[EventType "swiss"]
[EventRounds "9"]
[EventCountry "ITA"]
[Source "lmi"]
[SourceDate "2011.05.06"]

1. e4 e5 2. Nf3 Nc6 3. Bb5 a6 4. Ba4 d6 5. c4 g6 6. d4 exd4 7. Bg5 f6 8. Bh4
Bg7 9. Nxd4 Nge7 10. Nc3 O-O 11. Nxc6 bxc6 12. O-O Bd7 13. Qd2 Qe8 14. Rad1 c5
15. Bxd7 Qxd7 16. f3 Rac8 17. Bf2 Qe6 18. b3 Kh8 19. Rfe1 h5 20. Re2 Kh7 21.
Nd5 Nc6 22. Nf4 Qe8 23. Qd5 Rf7 24. Nxg6 f5 25. Nf4 Nd4 26. Bxd4 Bxd4+ 27. Rxd4
cxd4 28. exf5 Re7 29. Ne6 Kh6 30. Qxd4 Kh7 31. Qd5 Kh8 32. f6 Rf7 33. Qd4 c5
34. Qd3 Qd7 35. Ng5 Rc7 36. Nh7 Rxh7 37. Qf5 Rh6 38. Re6 Qh7 39. Qe4 1-0

[Event "11. Europa ch 2011 veteranos"]
[Site "Courmayeur ITA"]
[Date "2011.04.12"]
[Round "7.19"]
[White "Ossipov, Viktor"]
[Black "Theting, Helge E"]
[Result "1/2-1/2"]
[WhiteElo "2179"]
[BlackElo "2016"]
[PlyCount "96"]
[EventDate "2011.04.06"]
[EventType "swiss"]
[EventRounds "9"]
[EventCountry "ITA"]
[Source "lmi"]
[SourceDate "2011.05.06"]

1. d4 g6 2. Nf3 Bg7 3. Bf4 d6 4. h3 Nd7 5. c3 c5 6. e3 Ngf6 7. Nbd2 O-O 8. Be2
a6 9. a4 b6 10. O-O Bb7 11. Bh2 Rc8 12. Re1 d5 13. Bd3 Ne4 14. Qe2 Nxd2 15.
Qxd2 e6 16. Qe2 c4 17. Bc2 f5 18. Ne5 Nxe5 19. dxe5 Qc7 20. f4 Rf7 21. Qd2 Bf8
22. Bd1 Bc5 23. Bf3 Bc6 24. Kh1 Qd7 25. Qc2 Qd8 26. b4 cxb3 27. Qxb3 b5 28.
axb5 Bxb5 29. Be2 Rb7 30. Bxb5 Rxb5 31. Qa4 Rc6 32. Bg1 Qb6 33. Qd1 Qc7 34. Qd3
Ba7 35. Rxa6 Rb3 36. Rxc6 Qxc6 37. Rc1 Bc5 38. Qf1 Qb6 39. c4 Bxe3 40. Bxe3
Qxe3 41. cxd5 exd5 42. Re1 Qd3 43. Qf2 Rb1 44. Kh2 Rxe1 45. Qxe1 Qe4 46. Qh4 d4
47. Qd8+ Kg7 48. Qe7+ Kg8 1/2-1/2

[Event "11. Europa ch 2011 veteranos"]
[Site "Courmayeur ITA"]
[Date "2011.04.12"]
[Round "7.27"]
[White "Bayer, Wolfgang Dr"]
[Black "Catalfamo, Santo"]
[Result "1-0"]
[WhiteElo "2073"]
[BlackElo "1918"]
[PlyCount "71"]
[EventDate "2011.04.06"]
[EventType "swiss"]
[EventRounds "9"]
[EventCountry "ITA"]
[Source "lmi"]
[SourceDate "2011.05.06"]

1. c4 c5 2. g3 g6 3. Bg2 Bg7 4. e4 e5 5. Nc3 a6 6. Nge2 Ne7 7. O-O O-O 8. f4
Nbc6 9. d3 d6 10. a3 f5 11. Rb1 Rb8 12. b4 cxb4 13. axb4 Qb6+ 14. Kh1 Nxb4 15.
Ba3 a5 16. Na4 Qa6 17. Bxb4 axb4 18. Rxb4 Bd7 19. Nb6 Bc6 20. Qb3 Kh8 21. Rb1
Qa7 22. exf5 Bxg2+ 23. Kxg2 Qa5 24. Nd7 Nxf5 25. Ra4 Qd2 26. Ra2 Qe3 27. Rf1
exf4 28. Rf3 Qe6 29. Nxf8 Rxf8 30. Nxf4 Ne3+ 31. Kh1 Qe5 32. d4 Qe4 33. Raf2
Ng4 34. Re2 Qc6 35. d5 Qa6 36. Ra2 1-0

[Event "11. Europa ch 2011 veteranos"]
[Site "Courmayeur ITA"]
[Date "2011.04.13"]
[Round "8.18"]
[White "Kratschmer, Heinz"]
[Black "Ossipov, Viktor"]
[Result "1/2-1/2"]
[WhiteElo "2161"]
[BlackElo "2179"]
[PlyCount "65"]
[EventDate "2011.04.06"]
[EventType "swiss"]
[EventRounds "9"]
[EventCountry "ITA"]
[Source "lmi"]
[SourceDate "2011.05.06"]

1. d4 d5 2. Nf3 c6 3. c4 Nf6 4. e3 Bf5 5. cxd5 Nxd5 6. Nbd2 Nf6 7. Bc4 e6 8.
O-O h6 9. Ne5 Be7 10. Qe2 Bh7 11. a3 O-O 12. b4 a5 13. b5 cxb5 14. Bxb5 Nbd7
15. Nxd7 Nxd7 16. Bb2 Nb6 17. Rac1 Rc8 18. Rxc8 Qxc8 19. Rc1 Qb8 20. Nc4 Nxc4
21. Qxc4 Bd6 22. f4 Be4 23. Qc3 Bd5 24. Qxa5 Rc8 25. Qd2 Rxc1+ 26. Qxc1 Qa8 27.
Bd3 f5 28. Bc4 b6 29. Qc3 Qc6 30. Bxd5 Qxd5 31. h3 b5 32. Kf2 Kh7 33. Kg1
1/2-1/2

[Event "11. Europa ch 2011 veteranos"]
[Site "Courmayeur ITA"]
[Date "2011.04.14"]
[Round "9.14"]
[White "Sinelnikov, Igor"]
[Black "Valenti, Giuseppe"]
[Result "1/2-1/2"]
[WhiteElo "2190"]
[BlackElo "2143"]
[PlyCount "115"]
[EventDate "2011.04.06"]
[EventType "swiss"]
[EventRounds "9"]
[EventCountry "ITA"]
[Source "lmi"]
[SourceDate "2011.05.06"]

1. e4 d6 2. d4 Nf6 3. Nc3 e5 4. dxe5 dxe5 5. Qxd8+ Kxd8 6. Bg5 c6 7. Bc4 Be6 8.
Bxe6 fxe6 9. O-O-O+ Nbd7 10. Nge2 Kc7 11. Bh4 b5 12. f3 Bc5 13. g4 Be3+ 14. Kb1
h6 15. Rd3 Bf4 16. Bf2 g5 17. h4 gxh4 18. Bxh4 Bg5 19. Bg3 h5 20. f4 exf4 21.
Nxf4 Bxf4 22. Bxf4+ e5 23. g5 Ng4 24. Bg3 Nc5 25. Rf3 b4 26. Rf7+ Kb6 27. Ne2
Nxe4 28. g6 Rag8 29. g7 Rh7 30. Be1 a5 31. c3 c5 32. cxb4 axb4 33. a3 bxa3 34.
bxa3 Nd6 35. Re7 Nf5 36. Re6+ Kb5 37. Rh3 Rgxg7 38. Nc3+ Kc4 39. Ra6 Rb7+ 40.
Ka2 Nfe3 41. Bd2 Rhd7 42. Ra4+ Kd3 43. Bxe3 Kxc3 44. Bxc5+ Kc2 45. Rc4+ Kd1 46.
Bb4 Nf6 47. Re3 Rxb4 48. axb4 e4 49. Rc6 Kd2 50. Rh3 Nd5 51. Kb3 e3 52. Rc2+
Kd3 53. Rc5 Kd2 54. Rxh5 Nxb4 55. Kxb4 e2 56. Rhd5+ Rxd5 57. Rxd5+ Kc2 58. Re5
1/2-1/2

[Event "11. Europa ch 2011 veteranos"]
[Site "Courmayeur ITA"]
[Date "2011.04.14"]
[Round "9.18"]
[White "Ossipov, Viktor"]
[Black "Thieme, Hans"]
[Result "1-0"]
[WhiteElo "2179"]
[BlackElo "2101"]
[PlyCount "103"]
[EventDate "2011.04.06"]
[EventType "swiss"]
[EventRounds "9"]
[EventCountry "ITA"]
[Source "lmi"]
[SourceDate "2011.05.06"]

1. d4 Nf6 2. Nf3 c5 3. c3 e6 4. Bg5 h6 5. Bf4 b6 6. h3 Be7 7. e3 O-O 8. Be2 Bb7
9. Nbd2 d6 10. O-O Nbd7 11. Nc4 Ne8 12. dxc5 Nxc5 13. a4 Rc8 14. Nfd2 d5 15.
Ne5 Nf6 16. Nb3 Ncd7 17. a5 Nxe5 18. Bxe5 Nd7 19. Bh2 Nc5 20. a6 Ba8 21. Nd4
Bd6 22. f4 Qe7 23. Bb5 Bb8 24. Qh5 Ne4 25. Bd3 Rfe8 26. Bxe4 dxe4 27. Bg3 Rc5
28. Qe2 Bd5 29. Ra4 Rec8 30. Rf2 Bc4 31. Qg4 h5 32. Qh4 Qd7 33. Ra1 Bd6 34. f5
Bxg3 35. Qxg3 e5 36. f6 g6 37. Qg5 Qd8 38. Nf5 Kf8 39. Ne7 R8c7 40. b4 Rd5 41.
Qh6+ Ke8 42. Qh8+ Kd7 43. Qxd8+ Kxd8 44. Nxd5 Bxd5 45. Rd2 Rd7 46. Rad1 Bc6 47.
Rxd7+ Bxd7 48. Rd5 Kc7 49. Rxe5 Bc8 50. Rxe4 Bxa6 51. Re7+ Kd6 52. Rxf7 1-0

[Event "11. Europa ch 2011 veteranos"]
[Site "Courmayeur ITA"]
[Date "2011.04.14"]
[Round "9.19"]
[White "Zhelesny, Stanislav"]
[Black "Elfert, Aleksandr V"]
[Result "1-0"]
[WhiteElo "2172"]
[BlackElo "2039"]
[PlyCount "73"]
[EventDate "2011.04.06"]
[EventType "swiss"]
[EventRounds "9"]
[EventCountry "ITA"]
[Source "lmi"]
[SourceDate "2011.05.06"]

1. d4 Nf6 2. c4 e6 3. g3 Bb4+ 4. Nd2 Ne4 5. Bg2 f5 6. Ngf3 c5 7. O-O O-O 8.
Nxe4 fxe4 9. Ng5 d5 10. a3 Ba5 11. dxc5 Nc6 12. h4 Bc7 13. Bh3 Rf6 14. Bg2 Be5
15. Rb1 Kh8 16. b4 Qg8 17. Nh3 h6 18. e3 Qf7 19. Nf4 g5 20. hxg5 hxg5 21. Qh5+
Kg8 22. Qxg5+ Kf8 23. Bb2 Bxb2 24. Rxb2 Ne7 25. Rd2 Bd7 26. cxd5 exd5 27. Nxd5
Nxd5 28. Rxd5 Be6 29. Rd6 Ke7 30. Rfd1 Rg8 31. Qe5 Kf8 32. Rd8+ Kg7 33. Rxg8+
Kxg8 34. Rd8+ Kg7 35. Bxe4 Bc4 36. Qg5+ Rg6 37. Bxg6 1-0